<?xml version="1.0" encoding="UTF-8"?><?xml-stylesheet type="text/xsl" href="static/style.xsl"?><OAI-PMH xmlns="http://www.openarchives.org/OAI/2.0/" xmlns:xsi="http://www.w3.org/2001/XMLSchema-instance" xsi:schemaLocation="http://www.openarchives.org/OAI/2.0/ http://www.openarchives.org/OAI/2.0/OAI-PMH.xsd"><responseDate>2026-04-29T03:24:37Z</responseDate><request verb="GetRecord" identifier="oai:riubu.ubu.es:10259/10731" metadataPrefix="marc">https://riubu.ubu.es/oai/request</request><GetRecord><record><header><identifier>oai:riubu.ubu.es:10259/10731</identifier><datestamp>2025-07-22T00:05:24Z</datestamp><setSpec>com_10259_9401</setSpec><setSpec>com_10259_5087</setSpec><setSpec>com_10259_2728</setSpec><setSpec>col_10259_9403</setSpec></header><metadata><record xmlns="http://www.loc.gov/MARC21/slim" xmlns:doc="http://www.lyncode.com/xoai" xmlns:xsi="http://www.w3.org/2001/XMLSchema-instance" xmlns:dcterms="http://purl.org/dc/terms/" xsi:schemaLocation="http://www.loc.gov/MARC21/slim http://www.loc.gov/standards/marcxml/schema/MARC21slim.xsd">
<leader>00925njm 22002777a 4500</leader>
<datafield tag="042" ind1=" " ind2=" ">
<subfield code="a">dc</subfield>
</datafield>
<datafield tag="720" ind1=" " ind2=" ">
<subfield code="a">Jiménez Méndez, Ander</subfield>
<subfield code="e">author</subfield>
</datafield>
<datafield tag="720" ind1=" " ind2=" ">
<subfield code="a">González Castrillo, Jenea</subfield>
<subfield code="e">author</subfield>
</datafield>
<datafield tag="720" ind1=" " ind2=" ">
<subfield code="a">Revilla Marrón, Lorena</subfield>
<subfield code="e">author</subfield>
</datafield>
<datafield tag="260" ind1=" " ind2=" ">
<subfield code="c">2025</subfield>
</datafield>
<datafield tag="520" ind1=" " ind2=" ">
<subfield code="a">Un evento centinela, según la Joint Commission, es un suceso inesperado relacionado con la atención sanitaria que puede causar daño grave o muerte, y cuya aparición requiere una evaluación inmediata para prevenir su repetición. Estos eventos reflejan una baja calidad del servicio y siempre se consideran eventos adversos. Un ejemplo grave es el suicidio intrahospitalario, que puede ocurrir durante la hospitalización o dentro de las 72 horas tras el alta. A pesar de su baja frecuencia (0,1– 0,4% de ingresos en hospitales psiquiátricos), tiene gran relevancia por su impacto y la responsabilidad que implica para la institución.</subfield>
</datafield>
<datafield tag="024" ind2=" " ind1="8">
<subfield code="a">https://hdl.handle.net/10259/10731</subfield>
</datafield>
<datafield tag="245" ind1="0" ind2="0">
<subfield code="a">Gestión de un evento centinela en un hospital psiquiátrico</subfield>
</datafield>
</record></metadata></record></GetRecord></OAI-PMH>